Central Library OPAC University of Rajshahi

A critical history of modern philosophy / (Record no. 31865)

MARC details
000 -LEADER
fixed length control field 00927cam a2200289 4500
001 - CONTROL NUMBER
control field 31865
003 - CONTROL NUMBER IDENTIFIER
rucl marc code BD-RjUL
005 - DATE AND TIME OF LATEST TRANSACTION
control field 20211209051746.0
008 - FIXED-LENGTH DATA ELEMENTS--GENERAL INFORMATION
fixed length control field 140422r19801975ii b 00110 eng d
020 ## - INTERNATIONAL STANDARD BOOK NUMBER
International Standard Book Number 0842608036
035 ## - SYSTEM CONTROL NUMBER
System control number (BD-RjUL)31953
040 ## - CATALOGING SOURCE
Original cataloging agency BD-RjUL
Language of cataloging eng
Transcribing agency BD-RjUL
Modifying agency BD-RjUL
041 ## - LANGUAGE CODE
Language code of text/sound track or separate title eng
082 ## - DEWEY DECIMAL CLASSIFICATION NUMBER
Classification number 193
Author mark and year MAC
100 10 - MAIN ENTRY--PERSONAL NAME
Personal name Masih, Yakub,
Dates associated with a name 1916-
9 (RLIN) 97011
245 10 - TITLE STATEMENT
Title A critical history of modern philosophy /
Statement of responsibility, etc. by Y. Masih.
250 ## - EDITION STATEMENT
Edition statement Rev. & enl. ed.
260 ## - PUBLICATION, DISTRIBUTION, ETC. (IMPRINT)
Place of publication, distribution, etc. Delhi :
Name of publisher, distributor, etc. Motilal Banarsidass,
Date of publication, distribution, etc. 1975 [Reprinted 1980, 1983].
300 ## - PHYSICAL DESCRIPTION
Pagination xi, 471 p. ;
Size 22 cm.
500 ## - GENERAL NOTE
General note "pt. 1. Bacon to Kant.--pt. 2. Hegel & Bradley."
504 ## - BIBLIOGRAPHY, ETC. NOTE
Bibliography, etc Includes bibliographical references and index.
505 0# - FORMATTED CONTENTS NOTE
Formatted contents note pt. 1. Bacon to Kant.--pt. 2. Hegel & Bradley.
650 ## - SUBJECT ADDED ENTRY--TOPICAL TERM
Topical term or geographic name as entry element Philosophy, Modern.
9 (RLIN) 220938
Topical term or geographic name as entry element Philosophers, Modern.
9 (RLIN) 220939
942 ## - ADDED ENTRY ELEMENTS (KOHA)
Source of classification or shelving scheme Dewey Decimal Classification
Koha item type Books
Holdings
Lost status Source of classification or shelving scheme Damaged status Not for loan Collection code Permanent Location Current Location Shelving location Date acquired Source of acquisition Cost, normal purchase price Total Checkouts Full call number Date last seen Copy number Koha item type Date checked out
  Dewey Decimal Classification     Non-fiction Central Library, University of Rajshahi Central Library, University of Rajshahi   26/06/1986 Karim Int. 100.00   193 MAC Pt.1&2 1980 22/04/2014 C-3 Books  
  Dewey Decimal Classification     Non-fiction Central Library, University of Rajshahi Central Library, University of Rajshahi   26/04/1986 Karim Int. 100.00 1 193 MAC Pt.1&2 1980 12/03/2018 C-5 Books 22/02/2018
  Dewey Decimal Classification     Non-fiction Central Library, University of Rajshahi Central Library, University of Rajshahi   26/04/1986 Karim Int. 100.00   193 MAC Pt.1&2 1983 23/04/2014 C-6 Books  
  Dewey Decimal Classification     Non-fiction Central Library, University of Rajshahi Central Library, University of Rajshahi   03/08/1986 Karim international 100.00   193 MAC Pt.1&2 1983 26/04/2014 C-7 Books  
  Dewey Decimal Classification     Non-fiction Central Library, University of Rajshahi Central Library, University of Rajshahi   03/08/1986 Karim international 100.00   193 MAC Pt.1&2 1983 26/04/2014 C-8 Books  
  Dewey Decimal Classification     Non-fiction Central Library, University of Rajshahi Central Library, University of Rajshahi   26/06/1986 Karim international 100.00   193 MAC Pt.1&2 1980 26/04/2014 C-4 Books  
  Dewey Decimal Classification     Non-fiction Central Library, University of Rajshahi Central Library, University of Rajshahi   03/08/1986 Karim international 100.00   193 MAC Pt.1&2 1983 26/04/2014 C-9 Books  
  Dewey Decimal Classification     Non-fiction Central Library, University of Rajshahi Central Library, University of Rajshahi   03/08/1986 Karim Int. 100.00   193 MAC 1983 26/04/2014 C-10 Books  
  Dewey Decimal Classification     Non-fiction Central Library, University of Rajshahi Central Library, University of Rajshahi   27/11/1983 Tulip Ent., Dhaka 75.00 1 193 MAC 1980 04/02/2025 C-2 Books 26/01/2025
  Dewey Decimal Classification   Not For Loan Non-fiction Central Library, University of Rajshahi Central Library, University of Rajshahi Reading Room 27/11/1983       193 MAC 1975 01/12/2016 C-1 Books